<?xml version="1.0" encoding="UTF-8"?>
<record
    xmlns:xsi="http://www.w3.org/2001/XMLSchema-instance"
    xsi:schemaLocation="http://www.loc.gov/MARC21/slim http://www.loc.gov/standards/marcxml/schema/MARC21slim.xsd"
    xmlns="http://www.loc.gov/MARC21/slim">

  <leader>01695nam a2200241 a 4500</leader>
  <controlfield tag="005">20200104041553.0</controlfield>
  <controlfield tag="008">141201b        xxu||||| |||| 00| 0 spa d</controlfield>
  <datafield tag="040" ind1=" " ind2=" ">
    <subfield code="c">CO-BoIH</subfield>
  </datafield>
  <datafield tag="041" ind1=" " ind2=" ">
    <subfield code="a">spa</subfield>
  </datafield>
  <datafield tag="090" ind1=" " ind2=" ">
    <subfield code="a">IAVH</subfield>
    <subfield code="b">00433</subfield>
  </datafield>
  <datafield tag="100" ind1=" " ind2=" ">
    <subfield code="a">Devenish, Christian</subfield>
    <subfield code="9">1983</subfield>
  </datafield>
  <datafield tag="245" ind1=" " ind2=" ">
    <subfield code="a">Cartilla educativa para R&#xED;o Blanco</subfield>
    <subfield code="b">informe final</subfield>
  </datafield>
  <datafield tag="260" ind1=" " ind2=" ">
    <subfield code="a">Manizales</subfield>
    <subfield code="b">Instituto Alexander von Humboldt</subfield>
    <subfield code="b">Cotinga</subfield>
    <subfield code="b">Fundaci&#xF3;n Ecol&#xF3;gica Grabriel Arango Restrepo</subfield>
    <subfield code="c">2005</subfield>
  </datafield>
  <datafield tag="300" ind1=" " ind2=" ">
    <subfield code="a">41 p.</subfield>
  </datafield>
  <datafield tag="520" ind1=" " ind2=" ">
    <subfield code="a">La educaci&#xF3;n ambiental tiene por finalidad crear inter&#xE9;s en la historia natural y en la conservaci&#xF3;n, y provocar cambios de opini&#xF3;n. El proyecto tuvo como resultado: 1) la publicaci&#xF3;n de material pedag&#xF3;gico, por medio de una herramienta pr&#xE1;ctica y &#xFA;til en forma de un libro de actividades, fichas informativas, hojas de trabajo, rese&#xF1;as y dibujos de aves amenazadas y m&#xE1;s comunes de la Reserva Hidrogr&#xE1;fica, Forestal y Parque Ecol&#xF3;gico R&#xED;o Blanco, localizada a 3 km del casco urbano de Manizales, departamento de Caldas, y un DC con los cantos de las av&#xE9;s de la Reserva; 2) la sensibilizaci&#xF3;n de estudiantes y usuarios de la Reserva sobre la importancia de la conservaci&#xF3;n de la biodiversidad; 3) la participaci&#xF3;n de docentes y estudiantes en la elaboraci&#xF3;n del libro; 4) una herramienta de educaci&#xF3;n ambiental. El desarrollo del proyecto coincidi&#xF3; con la conmemoraci&#xF3;n de los primeros cien a&#xF1;os de existencia de la Reserva</subfield>
  </datafield>
  <datafield tag="650" ind1=" " ind2=" ">
    <subfield code="a">Educaci&#xF3;n ambiental </subfield>
    <subfield code="9">162</subfield>
  </datafield>
  <datafield tag="650" ind1=" " ind2=" ">
    <subfield code="a">Ornitolog&#xED;a </subfield>
    <subfield code="9">30547</subfield>
  </datafield>
  <datafield tag="650" ind1=" " ind2=" ">
    <subfield code="a">Biolog&#xED;a de la conservaci&#xF3;n </subfield>
    <subfield code="9">3740</subfield>
  </datafield>
  <datafield tag="650" ind1=" " ind2=" ">
    <subfield code="a">Especies amenazadas</subfield>
    <subfield code="9">157</subfield>
  </datafield>
  <datafield tag="700" ind1=" " ind2=" ">
    <subfield code="a">Arzuza Buelvas, Diana</subfield>
    <subfield code="9">4921</subfield>
  </datafield>
  <datafield tag="942" ind1=" " ind2=" ">
    <subfield code="c">INFORME</subfield>
    <subfield code="2">z</subfield>
  </datafield>
  <datafield tag="945" ind1=" " ind2=" ">
    <subfield code="d">2005-11-11</subfield>
  </datafield>
  <datafield tag="999" ind1=" " ind2=" ">
    <subfield code="c">4800</subfield>
    <subfield code="d">4800</subfield>
  </datafield>
  <datafield tag="952" ind1=" " ind2=" ">
    <subfield code="0">0</subfield>
    <subfield code="1">0</subfield>
    <subfield code="2">z</subfield>
    <subfield code="4">0</subfield>
    <subfield code="7">0</subfield>
    <subfield code="8">HUMBOLDT</subfield>
    <subfield code="I">INV2017</subfield>
    <subfield code="a">Villa</subfield>
    <subfield code="b">Villa</subfield>
    <subfield code="d">2005-11-15</subfield>
    <subfield code="e">CID Humboldt</subfield>
    <subfield code="l">0</subfield>
    <subfield code="o">IAVH-00433</subfield>
    <subfield code="p">022245</subfield>
    <subfield code="r">2024-08-09 00:00:00</subfield>
    <subfield code="t">Ej. 2</subfield>
    <subfield code="w">2012-12-04</subfield>
    <subfield code="x">Dep&#xF3;sito Institucional</subfield>
    <subfield code="y">INFORME</subfield>
  </datafield>
</record>
